000 00364nam a2200145Ia 4500
008 191201s2019 xx 000 0 und d
082 _a621.8
_bNOJ
100 _aNOLTINGK, B E
245 0 _aJones Instrument Technology (Mechanical Measurements)
250 _a1st VOL
260 _aN.Delhi
_bButterwoth H
300 _a165
650 _aB.Tech(ME)
942 _2ddc
_cBK
999 _c924
_d924